• 首页
  • 本馆介绍
  • 公告通知
  • 最新文献
  • 馆藏检索
  • 电子资源
  • 读者导购
  • 参考咨询
  • 我的图书馆
  • 登录
  • 详细信息显示
  • 放入我的书架
  • 预约/预借图书
  • 作者相关作品
  • 分类相关作品
  • 丛书相关作品
  • 出版社相关作品

书目信息

  • 表格格式
  • 工作单格式
  • 卡片格式
题名:
西方文艺理论名著教程
    
 
作者: 胡经之 主编
分册: 下  
出版信息: 北京   北京大学出版社  1989.11
页数: 521页
开本: 20厘米
丛书名:
单 册:
中图分类: I109.9
科图分类:
主题词: 文艺理论--西方国家--高等学校--教材
电子资源:
ISBN: 7-301-00179-7
000 00688n|m0 2200217 450
001 0102625093
005 20121116170000.0
010    @a7-301-00179-7@dCNY4.70
011    @a7-301-00179-7
100    @a19921223d1989 em y0chiy0110 ea
101 0  @achi
102    @aCN@b112000
105    @ay j 000zy
200 1  @a西方文艺理论名著教程@9Xi Fang Wen Yi Li Lun Ming Zhu;Zhuo Jiao Cheng @h下@f胡经之主编@b电子资源.图书
210    @a北京@c北京大学出版社@d1989.11
215    @a521页@d20厘米
606 0  @a文艺理论@x西方国家@x高等学校@x教材
690    @aI109.9@v三版
701  0 @a胡经之@f(1933~)@9hu jing zhi@4主编
801  0 @aCN@bAZmarc@c20230904
905    @dI109.9@e14:2@f2@sI109.9/14:2@aBZT
    
    西方文艺理论名著教程.下/胡经之主编[电子资源.图书].-北京:北京大学出版社,1989.11
    521页;20厘米
    
    
    ISBN 7-301-00179-7:CNY4.70
    
●
相关链接 在五车中查询图书 在当当中查询图书 在豆瓣中查询图书


正题名:西方文艺理论名著教程     索取号:I109.9/14:2         预约/预借

序号 登录号 条形码 馆藏地/架位号 状态 备注
1 2000039485   2000039485   旧书回溯/ [索取号:I109.9/14:2] 在馆    
2 2000039486   2000039486   旧书回溯/ [索取号:I109.9/14:2] 在馆    
山东省滨州职业学院图书馆 欢迎您!
大连网信软件有限公司© 版权所有